|
|
|
|
| LEADER |
00000nab a2200000 a 4500 |
| 001 |
vtls000563795 |
| 003 |
SK-MaSNL |
| 005 |
20260303013040.0 |
| 008 |
160201c1992 xo 0 cze |
| 015 |
|
|
|a SNBRA19rr/mm-uuuuu
|
| 035 |
|
|
|a CL0563933
|
| 040 |
|
|
|a SNKBUCL
|b slo
|c SNKBUCL
|e AACR2
|
| 041 |
0 |
|
|a cze
|
| 044 |
|
|
|a xo
|c SK
|
| 080 |
|
|
|a 631(437.6):502.4(437.6)
|2 1981
|
| 080 |
|
|
|a 502.4(437.6)
|2 1981
|
| 080 |
|
|
|a 631(437.1/.2)
|2 1981
|
| 080 |
|
|
|a 502.4(437.1/.2)
|2 1981
|
| 100 |
1 |
|
|a Hrabec, Jaroslav,
|d 1956-
|4 aut
|9 111709
|
| 245 |
1 |
0 |
|a Poľnohospodárstvo
|c Jaroslav Hrabec, Soňa Kolajová
|
| 300 |
|
|
|b Obr. 6
|
| 650 |
0 |
7 |
|a poľnohospodárstvo
|2 snkbucl
|9 679
|
| 650 |
0 |
7 |
|a Chráněná krajinná oblast Bílé Karpaty (Česko)
|2 snkbucl
|9 993370
|
| 651 |
|
7 |
|a Chránená krajinná oblasť Biele Karpaty (Slovensko)
|2 snkbucl
|9 15065
|
| 655 |
|
7 |
|a články zo zborníkov
|2 snkbucl
|9 166140
|
| 700 |
1 |
|
|a Kolajová, Soňa
|4 aut
|9 755247
|
| 773 |
0 |
|
|t Biele - Bílé Karpaty - chránená krajinná oblasť
|d Bratislava : Ekológia, 1992
|g S. 273-285
|z 8085559099
|
| 773 |
0 |
|
|d Liptovský Mikuláš : Ústredie štátnej ochrany prírody
|
| 850 |
|
|
|a Slovenská národná knižnica v Martine
|a MTA001
|
| 852 |
|
|
|a SNK
|b KIS3GCP
|
| 958 |
|
|
|a RK
|
| 958 |
|
|
|a CZ
|
| 958 |
|
|
|a SK
|
| 992 |
|
|
|a RZB
|
| 999 |
|
|
|c 1600440
|d 1602370
|